000 00524nam a2200181Ia 4500
005 20250423100845.0
008 250422s9999 xx 000 0 und d
020 _a9781032648118
050 _aHD 2961 .H34/
100 _aHage, Jerald
245 0 _aSaving Societies from within
260 _aNew York
260 _b Routledge
260 _c2024
300 _avii, 286p.: ill.
650 _aCooperation. Interorganizational relations. Interagency cooperation. Organizational change. Crisis management.
942 _cBK
999 _c34554
_d34554